[Event "Flint (Class B/5)"]
[Site "?"]
[Date "1993.??.??"]
[Round "?"]
[White "Saulmon, Scott"]
[Black "Ruark, D."]
[Result "1/2-1/2"]
[WhiteElo "1700"]
[BlackElo "1685"]
[PlyCount "106"]
[EventDate "1993.??.??"]

1. e4 e5 2. Nf3 d6 3. Bc4 Nf6 4. Nc3 Be7 5. O-O O-O 6. d4 exd4 7. Nxd4 Nc6 8.
Nxc6 bxc6 9. h3 Be6 10. Bd3 h6 11. f4 Nh7 12. f5 Bd7 13. Qg4 Bg5 14. Bxg5 Qxg5
15. Qxg5 Nxg5 16. h4 Nh7 17. Rf3 g6 18. Rg3 Kg7 19. Ne2 g5 20. Nf4 Kf6 21. Nh5+
Ke7 22. hxg5 hxg5 23. Rf1 f6 24. Bc4 Be8 25. Ng7 Bf7 26. Bxf7 Rxf7 27. Ne6 Kd7
28. Rh3 c5 29. Rd1 Kc6 30. Rc3 Nf8 31. Nd4+ Kd7 32. Nf3 Ke7 33. Rb3 Nd7 34. Rb7
Kd8 35. Rd3 Nb6 36. Ra3 a5 37. Rb3 Rd7 38. Nd2 Kc8 39. R7xb6 cxb6 40. Rxb6 Kc7
41. Nc4 Re8 42. Ra6 Rxe4 43. Ra7+ Kd8 44. Ra8+ Ke7 45. Nxa5 Kf7 46. Nc6 Re2 47.
Nd8+ Ke7 48. Nc6+ Kf7 49. Nd8+ Ke7 50. Nc6+ Kf7 51. Rh8 Kg7 52. Rb8 Kf7 53.
Nd8+ Ke7 1/2-1/2

[Event "Flint (Class B/3)"]
[Site "?"]
[Date "1993.??.??"]
[Round "?"]
[White "Saulmon, Scott"]
[Black "Roberts, Kenneth"]
[Result "0-1"]
[WhiteElo "1700"]
[BlackElo "1770"]
[PlyCount "142"]
[EventDate "1993.??.??"]

1. e4 e6 2. d4 d5 3. Nc3 Nf6 4. e5 Nfd7 5. f4 a6 6. Nf3 c5 7. a3 Nc6 8. dxc5
Bxc5 9. Bd3 Be7 10. O-O O-O 11. Be3 f6 12. Nd4 Nc5 13. Be2 fxe5 14. Nxc6 bxc6
15. fxe5 Nd7 16. Bf4 Qb6+ 17. Kh1 Qxb2 18. Qd2 Qb6 19. Qd3 a5 20. Qh3 Rf7 21.
Bd3 Nf8 22. Bd2 Ba6 23. Bxh7+ Nxh7 24. Rxf7 Kxf7 25. Qxh7 Qf2 26. Qh5+ Kg8 27.
Qd1 Rf8 28. Qe1 Bc5 29. Qxf2 Rxf2 30. Na4 Bd4 31. Bc3 Bxc3 32. Nxc3 Rxc2 33.
Na4 Bd3 34. g3 Be4+ 35. Kg1 Rg2+ 36. Kf1 Rxh2 37. Re1 Rh1+ 38. Kf2 Rxe1 39.
Kxe1 Bc2 40. Nc5 a4 41. Nxe6 Bf5 42. Nc5 Kf7 43. Nxa4 Ke6 44. Kd2 Kxe5 45. Nc5
Bc8 46. a4 Kd6 47. Nd3 c5 48. Nf4 Kc6 49. Kc3 Bb7 50. Ne6 g6 51. Nf4 g5 52. Nh3
g4 53. Nf2 Bc8 54. Nd3 Bf5 55. Nb2 Kb6 56. Nd1 Ka5 57. Kb2 Be6 58. Ka3 d4 59.
Nb2 c4 60. Nd1 Bd5 61. Nb2 d3 62. Nd1 Be4 63. Kb2 Bf3 64. Ne3 Kb4 65. a5 c3+
66. Kc1 Kxa5 67. Nc4+ Kb4 68. Ne3 d2+ 69. Kc2 d1=Q+ 70. Nxd1 Bxd1+ 71. Kxd1 Kc4
0-1

[Event "Ann Arbor (HV Mini)"]
[Site "?"]
[Date "1993.??.??"]
[Round "?"]
[White "Santiago, Reynaldo"]
[Black "Bauerle, Paul"]
[Result "1-0"]
[WhiteElo "2045"]
[BlackElo "1930"]
[PlyCount "75"]
[EventDate "1993.??.??"]

1. e4 e6 2. d4 d5 3. Nd2 Nf6 4. e5 Nfd7 5. Bd3 c5 6. c3 Nc6 7. Ne2 cxd4 8. cxd4
Nb6 9. a3 Qc7 10. O-O Bd7 11. b4 Rc8 12. Bb2 Be7 13. Qb3 O-O 14. Rfc1 Qb8 15.
Nf3 f5 16. exf6 Bxf6 17. a4 Rce8 18. a5 Nc8 19. b5 Nd8 20. Ne5 Bxe5 21. dxe5 b6
22. a6 Nf7 23. f4 g5 24. g3 gxf4 25. gxf4 Kh8 26. Qc2 Rg8+ 27. Kh1 Rg7 28. Qc7
Qxc7 29. Rxc7 Nh6 30. Rf1 Rf8 31. Ng3 Rfg8 32. Bd4 Ng4 33. Nh5 Nxh2 34. Kxh2
Rg2+ 35. Kh1 R2g4 36. Rf2 Rg1+ 37. Kh2 Rd1 38. Bxh7 1-0

[Event "East Lansing (MI Op/3/39)"]
[Site "?"]
[Date "1993.??.??"]
[Round "?"]
[White "Sanborn, Richard"]
[Black "Taborsky, M."]
[Result "1-0"]
[WhiteElo "1835"]
[BlackElo "1605"]
[PlyCount "61"]
[EventDate "1993.??.??"]

{3/(39)} 1. e4 d5 2. exd5 Nf6 3. d4 Nxd5 4. c4 Nb4 5. Qa4+ N8c6 6. d5 b5 7.
cxb5 Nd4 8. Na3 e5 9. Be3 Nxd5 10. Bxd4 exd4 11. Nc2 Bc5 12. Nxd4 Bb4+ 13. Kd1
O-O 14. Ngf3 Bc5 15. Rc1 Bb6 16. a3 Bg4 17. Rc4 Bxf3+ 18. gxf3 Qf6 19. Be2 Rad8
20. Kc2 Nf4 21. Rd1 Bxd4 22. Bf1 Ne6 23. b4 Bxf2 24. Bd3 Qxf3 25. Qb3 Nd4+ 26.
Rxd4 Qf6 27. Bxh7+ Kh8 28. Rxd8 Rxd8 29. Rxd8+ Qxd8 30. Qxf7 Kxh7 31. Qxf2 1-0

[Event "East Lansing (MI Op/5/24)"]
[Site "?"]
[Date "1993.??.??"]
[Round "?"]
[White "Sanborn, Richard"]
[Black "Skidmore, Jennifer"]
[Result "1-0"]
[WhiteElo "1835"]
[BlackElo "1950"]
[PlyCount "117"]
[EventDate "1993.??.??"]

{5/(24)} 1. e4 e5 2. Nf3 d6 3. h3 Nf6 4. Nc3 c6 5. Bc4 Be7 6. O-O O-O 7. d4
exd4 8. Nxd4 a6 9. a4 Nbd7 10. Nf5 Nc5 11. Nxe7+ Qxe7 12. f3 Rd8 13. Bg5 h6 14.
Bh4 Ne6 15. Qd2 g5 16. Bf2 Nf4 17. Rfd1 Be6 18. Bxe6 Qxe6 19. Be3 Ng6 20. b3
Nh5 21. Ne2 Nh4 22. Bxg5 Nxf3+ 23. gxf3 hxg5 24. Qxg5+ Qg6 25. Qxg6+ fxg6 26.
c4 Kf7 27. Rd3 Ke7 28. Rad1 Rac8 29. Kf2 Rd7 30. Ke3 Rf8 31. f4 Rf6 32. e5 Re6
33. Nd4 dxe5 34. Nxe6 Rxd3+ 35. Rxd3 Kxe6 36. fxe5 Ng7 37. Rd6+ Kxe5 38. Rxg6
Nf5+ 39. Kd3 Ne7 40. Rg7 Kf6 41. Rxe7 Kxe7 42. a5 Ke6 43. Kd4 Kd6 44. h4 c5+
45. Ke4 Ke6 46. h5 Kf6 47. Kd5 Kg5 48. Kxc5 Kxh5 49. Kb6 Kg5 50. Kxb7 Kf5 51.
c5 Ke5 52. c6 Kd6 53. c7 Kc5 54. c8=Q+ Kb4 55. Kxa6 Kxb3 56. Kb5 Kb2 57. Kb4
Kb1 58. Kb3 Ka1 59. Qc1# 1-0

[Event "Lansing (MI Am/4)"]
[Site "?"]
[Date "1993.??.??"]
[Round "?"]
[White "Sanborn, Richard"]
[Black "Skidmore, Jennifer"]
[Result "0-1"]
[WhiteElo "1810"]
[BlackElo "1900"]
[PlyCount "148"]
[EventDate "1993.??.??"]

1. e4 e5 2. Nf3 d6 3. Bc4 Be7 4. d4 exd4 5. Nxd4 Nf6 6. Nc3 O-O 7. O-O c6 8.
Re1 a6 9. a4 Nbd7 10. Nf5 Ne5 11. Nxe7+ Qxe7 12. Bf1 Be6 13. b3 Nfg4 14. g3 Qf6
15. f4 g5 16. h3 gxf4 17. Bxf4 Rad8 18. hxg4 Bxg4 19. Be2 Bh3 20. Bh5 Kh8 21.
Re3 Rg8 22. Bxe5 Qxe5 23. Qf3 Be6 24. Rf1 Rg5 25. g4 Rdg8 26. Kf2 Qh2+ 27. Qg2
Qxg2+ 28. Kxg2 Rxh5 29. Ne2 Rxg4+ 30. Ng3 Rhg5 31. Rh1 f5 32. Kf2 f4 33. Nh5
fxe3+ 34. Kxe3 Rxh5 35. Rxh5 Kg7 36. Kf3 Rg1 37. Rh2 Rg6 38. Kf4 Bg4 39. c4 h5
40. e5 dxe5+ 41. Kxe5 Re6+ 42. Kf4 Re2 43. Rh1 Rb2 44. Re1 Rxb3 45. Kg5 Kf7 46.
Re4 Rf3 47. Rd4 Ke7 48. c5 Rf5+ 49. Kh4 Rxc5 50. Rb4 b5 51. a5 Rc4 52. Rb2 Kf6
53. Rf2+ Kg6 54. Rd2 Be6+ 55. Kg3 h4+ 56. Kh2 h3 57. Kg1 Rg4+ 58. Kh2 Rg2+ 59.
Rxg2+ hxg2 60. Kxg2 Bg4 61. Kf2 Kf5 62. Ke3 Ke5 63. Kd3 Kd5 64. Kc3 c5 65. Kd3
b4 66. Kc2 c4 67. Kc1 Kd4 68. Kd2 b3 69. Kc1 c3 70. Kb1 Bf5+ 71. Ka1 b2+ 72.
Ka2 b1=Q+ 73. Ka3 Qb2+ 74. Ka4 Bd7# 0-1

[Event "Lansing (MI Am/2)"]
[Site "?"]
[Date "1993.??.??"]
[Round "?"]
[White "Sanborn, Richard"]
[Black "Iyer, Krishnan"]
[Result "1-0"]
[WhiteElo "1810"]
[BlackElo "1605"]
[PlyCount "69"]
[EventDate "1993.??.??"]

1. e4 e5 2. Nf3 Nc6 3. Bb5 Nf6 4. O-O Bc5 5. Bxc6 bxc6 6. Nxe5 Nxe4 7. d4 Be7
8. Re1 Nf6 9. Qe2 O-O 10. Nxc6 dxc6 11. Qxe7 Qxd4 12. Qxc7 Ne4 13. Qf4 f5 14.
c3 Qd6 15. f3 Qxf4 16. Bxf4 Nf6 17. c4 Kf7 18. Nc3 Be6 19. b3 Rad8 20. Rad1 Rd7
21. Rxd7+ Nxd7 22. Bd6 Rc8 23. Kf2 a6 24. f4 Nf6 25. h3 Rd8 26. Rd1 Rd7 27. Ke3
Ne8 28. Be5 Rxd1 29. Nxd1 Nf6 30. Nf2 h5 31. Kd4 Nd7 32. Nd3 g6 33. Nc5 Nxe5
34. Kxe5 Bc8 35. Kd6 1-0

[Event "East Lansing (MI Op/2/33)"]
[Site "?"]
[Date "1993.??.??"]
[Round "?"]
[White "Sanborn, Richard"]
[Black "Bauerle, Paul"]
[Result "0-1"]
[WhiteElo "1835"]
[BlackElo "1940"]
[PlyCount "42"]
[EventDate "1993.??.??"]

{2/(33)} 1. e4 e6 2. d4 d5 3. exd5 exd5 4. Bd3 Nc6 5. c3 Bd6 6. Ne2 Nf6 7. Bg5
O-O 8. O-O Bxh2+ 9. Kxh2 Ng4+ 10. Kg3 Qxg5 11. f4 Qe7 12. Rf3 f5 13. Qh1 Rf6
14. Qh4 Qf7 15. Nd2 Rh6 16. Qg5 Rh5 17. Qxh5 Qxh5 18. Nf1 Ne7 19. Bc2 Ng6 20.
Rd3 Qh4+ 21. Kf3 Qf2# 0-1

[Event "Troy (TCC/M/3/3)"]
[Site "?"]
[Date "1993.??.??"]
[Round "?"]
[White "Salman, N."]
[Black "Strugach, L."]
[Result "0-1"]
[WhiteElo "2310"]
[BlackElo "2345"]
[PlyCount "92"]
[EventDate "1993.??.??"]

{3/(3)} 1. d4 Nf6 2. Nf3 e6 3. Bf4 c5 4. e3 Qb6 5. Qc1 Nc6 6. c3 d5 7. Nbd2 Bd7
8. Bd3 Rc8 9. h3 cxd4 10. exd4 Nb4 11. Bc2 Nxc2+ 12. Qxc2 Bb5 13. Qb3 Qa6 14.
a4 Be2 15. Ne5 Be7 16. Nf1 O-O 17. Ng3 Bc4 18. Nxc4 dxc4 19. Qc2 Nd5 20. Bd2 b5
21. O-O b4 22. cxb4 Bxb4 23. Bc3 Rb8 24. Ne4 Qc6 25. Ng5 g6 26. Nf3 Bxc3 27.
bxc3 Rb3 28. Ne5 Qc7 29. Ng4 Qf4 30. Qe2 Rxc3 31. Rfd1 Rc8 32. g3 Qc7 33. Rdc1
Rxc1+ 34. Rxc1 c3 35. h4 h5 36. Ne5 Kg7 37. Nd3 Rb8 38. Nc5 Rb2 39. Qc4 Qe7 40.
Re1 Qf6 41. Nd3 Rd2 42. Rf1 Qf3 43. Ne5 Qe4 44. Qc6 Rxd4 45. Nd7 Nf6 46. Qxe4
Nxe4 0-1

[Event "Troy (TCC/A/4/9)"]
[Site "?"]
[Date "1993.??.??"]
[Round "?"]
[White "Sajkowski, D."]
[Black "Grams, Paul"]
[Result "0-1"]
[WhiteElo "1885"]
[BlackElo "1800"]
[PlyCount "116"]
[EventDate "1993.??.??"]

{4/(9)} 1. e4 c5 2. Nc3 Nf6 3. g3 Nc6 4. Bg2 d6 5. d3 e6 6. f4 Be7 7. Nf3 d5 8.
e5 Ng4 9. h3 Nh6 10. g4 Bh4+ 11. Kf1 Be7 12. Bd2 f6 13. Qe2 Nf7 14. Be1 fxe5
15. fxe5 O-O 16. Kg1 Ng5 17. Nxg5 Bxg5 18. Nb5 Bf4 19. Bf2 b6 20. d4 cxd4 21.
Nxd4 Nxe5 22. Be3 Ng6 23. Rf1 Ba6 24. Qd2 Bxf1 25. Nxe6 Bxe3+ 26. Qxe3 Qe7 27.
Bxd5 Kh8 28. Qe4 Rae8 29. Nxf8 Qxe4 30. Bxe4 Rxf8 31. Kh2 Ne5 32. Bf5 Nf3+ 33.
Kg3 Be2 34. Be4 g5 35. Bxf3 Rxf3+ 36. Kg2 Rf7 37. Re1 Bf3+ 38. Kg3 Kg7 39. h4
h6 40. Re3 Bb7 41. hxg5 hxg5 42. c4 Bc8 43. Re4 Kg6 44. Rd4 Rd7 45. Re4 Kf6 46.
b4 Rd3+ 47. Kf2 Ra3 48. c5 bxc5 49. Rc4 Rxa2+ 50. Kf3 Ra3+ 51. Kg2 Bb7+ 52. Kf2
cxb4 53. Rxb4 Bc8 54. Rc4 Be6 55. Rb4 a5 56. Re4 a4 57. Ke1 Ra1+ 58. Kd2 a3 0-1

[Event "Troy (TCC/A/3/9)"]
[Site "?"]
[Date "1993.??.??"]
[Round "?"]
[White "Sajkowski, D."]
[Black "Accad, W."]
[Result "0-1"]
[WhiteElo "1885"]
[BlackElo "1900"]
[PlyCount "86"]
[EventDate "1993.??.??"]

{3/(9)} 1. e4 c5 2. Nc3 g6 3. g3 Bg7 4. Bg2 Nc6 5. d3 Nf6 6. Be3 d6 7. h3 Rb8
8. Qd2 a6 9. f4 Bd7 10. Nf3 Qc7 11. O-O b5 12. a3 a5 13. Nh4 b4 14. axb4 axb4
15. Ne2 e6 16. Kh1 Ne7 17. Ng1 Bc6 18. Ngf3 b3 19. c3 O-O 20. Ra6 c4 21. Nd4
Ba8 22. Rfa1 e5 23. Ne2 Bc6 24. Rf1 Ra8 25. Rxa8 Rxa8 26. fxe5 dxe5 27. Bg5 Qd6
28. Nc1 Rd8 29. Qf2 cxd3 30. Nxd3 Be8 31. Bxf6 Bxf6 32. Qxf6 Qxf6 33. Rxf6 Rxd3
34. Rb6 Bc6 35. Rxb3 Rxg3 36. Kh2 Re3 37. Rb4 Re2 38. Kh1 Rd2 39. Nf3 Rc2 40.
Nxe5 Kg7 41. Nxc6 Nxc6 42. Rb6 Ne5 43. Rb5 f6 {[0-1, 53?]} 0-1

[Event "Troy (TCC/X/4/7)"]
[Site "?"]
[Date "1993.??.??"]
[Round "?"]
[White "Sacco, G."]
[Black "Profit, Brian"]
[Result "1/2-1/2"]
[WhiteElo "2070"]
[BlackElo "2080"]
[PlyCount "50"]
[EventDate "1993.??.??"]

{4/(7)} 1. e4 e6 2. d4 d5 3. e5 c5 4. Nf3 Nc6 5. c3 Bd7 6. Be3 Qb6 7. Qb3 Nh6
8. Nbd2 Nf5 9. Bd3 Qxb3 10. axb3 Nxe3 11. fxe3 Be7 12. O-O O-O 13. Rf2 f5 14.
g3 Be8 15. Raf1 Bh5 16. Kg2 g5 17. h3 Rf7 18. h4 gxh4 19. gxh4 Rg7+ 20. Kh3 Kf7
21. Be2 Bg4+ 22. Kh2 Rag8 23. Rg2 Rg6 24. Ng5+ Bxg5 25. Bxg4 Bf4+ 1/2-1/2

[Event "Troy (TCC/X/2/10)"]
[Site "?"]
[Date "1993.??.??"]
[Round "?"]
[White "Sacco, G."]
[Black "Chehayeb, Sal"]
[Result "1-0"]
[WhiteElo "2070"]
[BlackElo "2120"]
[PlyCount "56"]
[EventDate "1993.??.??"]

{2/(10)} 1. e4 c5 2. Nf3 d6 3. d4 cxd4 4. Nxd4 Nf6 5. Nc3 g6 6. Be3 Bg7 7. f3
O-O 8. Bc4 Nc6 9. Qd2 Bd7 10. Bb3 Rc8 11. O-O-O Ne5 12. h4 Nc4 13. Qd3 Nxe3 14.
Qxe3 a5 15. h5 Nxh5 16. g4 Nf6 17. g5 Nh5 18. f4 a4 19. Nxa4 Bxa4 20. Bxa4 Qb6
21. c3 Rc5 22. Bb3 Rfc8 23. Kb1 Qa5 24. f5 b5 25. fxg6 hxg6 26. Qf3 Rc4 27.
Rdf1 Rf8 28. Nf5 Qa8 1-0

[Event "Troy (TCC/X/3/5)"]
[Site "?"]
[Date "1993.??.??"]
[Round "?"]
[White "Sacco, G."]
[Black "Beider, Andrew"]
[Result "1/2-1/2"]
[WhiteElo "2070"]
[BlackElo "2155"]
[PlyCount "33"]
[EventDate "1993.??.??"]

{3/(5)} 1. e4 c5 2. Nf3 d6 3. d4 cxd4 4. Nxd4 Nf6 5. Nc3 a6 6. Bg5 e6 7. f4 Be7
8. Qf3 Qc7 9. Bd3 Nbd7 10. O-O-O b5 11. Rhe1 b4 12. Nd5 Nxd5 13. exd5 Bb7 14.
Bxe7 Kxe7 15. Nc6+ Bxc6 16. dxc6 Nf6 17. g4 1/2-1/2

[Event "Troy (TCC/C/4/13)"]
[Site "?"]
[Date "1993.??.??"]
[Round "?"]
[White "Sabo, B."]
[Black "Barnhart, P."]
[Result "1/2-1/2"]
[WhiteElo "1605"]
[BlackElo "1605"]
[PlyCount "120"]
[EventDate "1993.??.??"]

{4/(13)} 1. e4 c5 2. Bc4 e6 3. Nc3 Nc6 4. Nf3 a6 5. O-O b5 6. Be2 Bb7 7. b3 Nd4
8. Bb2 Nf6 9. e5 Nd5 10. Nxd4 cxd4 11. Nxd5 Bxd5 12. Bxd4 Rc8 13. c3 Qg5 14.
Bf3 Bc6 15. h4 Qxh4 16. Be3 d6 17. Bxc6+ Rxc6 18. Qf3 d5 19. Rac1 Ba3 20. Rc2
O-O 21. b4 Bxb4 22. Qf4 Qxf4 23. Bxf4 Rfc8 24. Rb2 Ba5 25. Rb3 Bd8 26. Be3 f6
27. Bd4 Kf7 28. Re1 f5 29. Re3 Bg5 30. Rd3 h5 31. Be3 Be7 32. f4 Rg8 33. Kh2
Rcc8 34. Kh3 g6 35. Bf2 g5 36. fxg5 Rxg5 37. Bh4 Rg4 38. Bxe7 Kxe7 39. Re3 Rcg8
40. Re2 Rg3+ 41. Kh2 h4 42. a4 Rb8 43. axb5 axb5 44. Re3 Rg4 45. d4 b4 46. Rd3
Rbg8 47. Rd2 bxc3 48. Rxc3 Kd7 49. Ra2 Rb8 50. Ra7+ Kd8 51. Rcc7 Rb2 52. Rd7+
Ke8 53. Re7+ Kf8 54. Rec7 Rb8 55. Rf7+ Kg8 56. Rfe7 Rxd4 57. Rg7+ Kf8 58. Raf7+
Ke8 59. Re7+ Kf8 60. Ref7+ Ke8 1/2-1/2

[Event "Troy (TCC/C/1a/4)"]
[Site "?"]
[Date "1993.??.??"]
[Round "?"]
[White "Sabo, B."]
[Black "Alliston, Richard"]
[Result "0-1"]
[WhiteElo "1605"]
[BlackElo "1605"]
[PlyCount "110"]
[EventDate "1993.??.??"]

1. e4 e5 2. Nf3 d6 3. Bc4 h6 4. Nc3 Nf6 5. d3 Be7 6. Be3 Bg4 7. d4 Nbd7 8. d5
a6 9. O-O O-O 10. Be2 b5 11. Nd2 Bxe2 12. Qxe2 Rc8 13. Qf3 c6 14. Qg3 Nh5 15.
Qg4 Ndf6 16. Qe2 cxd5 17. Nxd5 Rxc2 18. Nxf6+ Nxf6 19. b3 Nxe4 20. Bxh6 Nxd2
21. Bxd2 d5 22. Qd3 Rc6 23. Qg3 Bf6 24. Rad1 e4 25. Rfe1 Bh4 26. Qe3 f5 27. b4
Qf6 28. a3 d4 29. Qb3+ Qf7 30. Qxf7+ Rxf7 31. g3 Bf6 32. Bc1 d3 33. f3 Rd7 34.
fxe4 fxe4 35. Kg2 Rc2+ 36. Kh3 Bc3 37. Rf1 d2 38. Bxd2 Bxd2 39. Rf2 e3 40. Re2
Ra2 41. Kg4 Rf7 42. Kg5 Rxa3 43. Kg6 Rb3 44. Ra1 Rxb4 45. Rxa6 Rc4 46. h3 b4
47. Ra4 Rc6+ 48. Kh5 b3 49. Ra1 Rc2 50. Rb1 Rb7 51. Kg6 b2 52. Rd1 b1=Q 53.
Rxe3 Rc6+ 54. Kg5 Bxe3+ 55. Kg4 Qxd1+ 0-1

[Event "Lansing (MI Am/4)"]
[Site "?"]
[Date "1993.??.??"]
[Round "?"]
[White "Rumsey, S."]
[Black "Calton, David A"]
[Result "0-1"]
[WhiteElo "1610"]
[BlackElo "1735"]
[PlyCount "120"]
[EventDate "1993.??.??"]

1. e4 g6 2. d4 Bg7 3. Nf3 Nc6 4. Be3 d6 5. c4 e5 6. d5 Nce7 7. Nc3 f5 8. exf5
Nxf5 9. Bd3 Nf6 10. Bg5 O-O 11. Ne4 Qe8 12. Bxf6 Bxf6 13. O-O Qf7 14. Nfg5 Bxg5
15. Nxg5 Qf6 16. Ne4 Qe7 17. Qd2 Nd4 18. Rae1 Bf5 19. Ng3 Kh8 20. Ne2 Bxd3 21.
Qxd3 Nxe2+ 22. Rxe2 Rf4 23. Re4 Raf8 24. f3 Qf6 25. Qe3 g5 26. Rxf4 Qxf4 27.
Qxf4 gxf4 28. g3 Rg8 29. g4 Re8 30. Re1 Kg7 31. h4 Kg6 32. h5+ Kg5 33. Kg2 h6
34. b3 e4 35. fxe4 Kxg4 36. Kf2 f3 37. Rg1+ Kf4 38. Rg6 Rxe4 39. Rf6+ Kg4 40.
Rxf3 Rf4 41. Rxf4+ Kxf4 42. a3 Kg5 43. b4 Kxh5 44. c5 Kg5 45. Kg3 h5 46. a4 b6
47. cxb6 cxb6 48. a5 bxa5 49. bxa5 a6 50. Kh3 h4 51. Kh2 Kg4 52. Kg2 h3+ 53.
Kh2 Kh4 54. Kh1 Kg3 55. Kg1 Kf4 56. Kh2 Ke4 57. Kxh3 Kxd5 58. Kg3 Ke4 59. Kf2
Kd3 60. Ke1 d5 0-1

[Event "Lansing (MI Am/1)"]
[Site "?"]
[Date "1993.??.??"]
[Round "?"]
[White "Rumsey, S."]
[Black "Boyle, R."]
[Result "1-0"]
[WhiteElo "1610"]
[BlackElo "1605"]
[PlyCount "93"]
[EventDate "1993.??.??"]

1. e4 e5 2. Nf3 Nc6 3. Bb5 Bc5 4. O-O Nf6 5. Bxc6 dxc6 6. Nc3 Bg4 7. d3 Qd7 8.
Bg5 O-O-O 9. a3 h6 10. Bd2 h5 11. b4 Bd4 12. Rb1 h4 13. Qe2 h3 14. g3 Nh7 15.
Nd1 f6 16. Be3 Ng5 17. Bxg5 fxg5 18. Ne3 Bh5 19. Nf5 Bg4 20. N5xd4 Qxd4 21.
Nxd4 Bxe2 22. Nxe2 Rdf8 23. d4 exd4 24. Nxd4 Rd8 25. Rbd1 Rhe8 26. Rfe1 Re5 27.
f3 Rde8 28. Nf5 g6 29. Nh6 Rf8 30. Ng4 Re7 31. Kf2 Ref7 32. Re3 a6 33. e5 Kb8
34. e6 Re7 35. Rd7 Rfe8 36. Nf6 Rxd7 37. exd7 Rd8 38. Re8 Rxe8 39. dxe8=Q+ Ka7
40. Qxg6 g4 41. Nxg4 b6 42. Ne5 c5 43. bxc5 bxc5 44. Qc6 Kb8 45. Nd7+ Kc8 46.
Nb6+ Kd8 47. Qd7# 1-0

[Event "Lansing (MI Am/3)"]
[Site "?"]
[Date "1993.??.??"]
[Round "?"]
[White "Rumsey, S."]
[Black "Aldrich, Justin"]
[Result "1-0"]
[WhiteElo "1610"]
[BlackElo "1605"]
[PlyCount "133"]
[EventDate "1993.??.??"]

1. e4 e5 2. Nf3 Nc6 3. Bb5 d6 4. d4 Bd7 5. d5 Nce7 6. Bxd7+ Qxd7 7. Be3 Qb5 8.
b3 Nf6 9. c4 Qa5+ 10. Qd2 Qxd2+ 11. Nfxd2 Ng6 12. f3 c6 13. Nc3 cxd5 14. Nxd5
Nxd5 15. cxd5 Nf4 16. Bxf4 exf4 17. Rc1 Be7 18. Ke2 Bf6 19. Rc7 b5 20. Rhc1 O-O
21. Nb1 h6 22. R1c2 a5 23. Na3 b4 24. Nc4 Rfd8 25. Nb6 Ra6 26. Na4 g6 27. Rc8
Ra8 28. Rxd8+ Rxd8 29. Rc6 Bd4 30. Kd3 Bg1 31. h3 Bf2 32. Kc4 Rd7 33. Kb5 f5
34. Kxa5 fxe4 35. fxe4 Be1 36. Kb5 g5 37. Kc4 h5 38. Kd3 g4 39. hxg4 hxg4 40.
Ke2 Bg3 41. Rc4 Rh7 42. Rc8+ Kg7 43. Rc7+ Kg6 44. Rxh7 Kxh7 45. Nb6 Kg6 46. Nc4
Kf6 47. Nd2 Ke5 48. Kd3 Kf6 49. Kc4 Be1 50. Kd3 Kg5 51. Nc4 f3 52. gxf3 gxf3
53. Nxd6 f2 54. Ke2 Kf4 55. Nf7 Kg3 56. Kf1 Bc3 57. d6 Bd4 58. d7 Bb6 59. e5
Kf4 60. e6 Ke3 61. e7 Kd2 62. e8=Q Kc2 63. d8=R Kb2 64. Qe2+ Kc3 65. Rc8+ Kd4
66. Rc4+ Kd5 67. Qe4# 1-0

[Event "East Lansing (MOR/5/2)"]
[Site "?"]
[Date "1993.??.??"]
[Round "?"]
[White "Ruhlmann, Max"]
[Black "Mankiewicz, Ryan"]
[Result "0-1"]
[WhiteElo "1795"]
[BlackElo "1625"]
[PlyCount "66"]
[EventDate "1993.??.??"]

{5/(2)} 1. e4 c5 2. Nf3 d6 3. d4 cxd4 4. Nxd4 Nf6 5. Nc3 a6 6. Bc4 Qc7 7. Qe2
Nbd7 8. a4 Ne5 9. Ba2 e6 10. Bg5 Be7 11. O-O-O O-O 12. f4 Nc6 13. Nxc6 bxc6 14.
h3 Ne8 15. Bxe7 Qxe7 16. e5 d5 17. Qf2 Rb8 18. g4 Qb4 19. Bb3 c5 20. Qg3 c4 21.
Ba2 Qxb2+ 22. Kd2 d4 23. Ne2 c3+ 24. Kd3 Qxa2 25. Nxd4 Qxa4 26. g5 Bb7 27. Rhg1
Nc7 28. h4 Rfd8 29. Kxc3 Rxd4 30. Rxd4 Nb5+ 31. Kd2 Qxd4+ 32. Kc1 Rd8 33. h5
Qa1# 0-1

[Event "East Lansing (MOR/3/10)"]
[Site "?"]
[Date "1993.??.??"]
[Round "?"]
[White "Ruhlmann, Max"]
[Black "Distefano, R."]
[Result "1-0"]
[WhiteElo "1795"]
[BlackElo "1605"]
[PlyCount "107"]
[EventDate "1993.??.??"]

{3/(10)} 1. e4 c5 2. Nf3 d6 3. d4 cxd4 4. Qxd4 Nc6 5. Bb5 Bd7 6. Bxc6 Bxc6 7.
Nc3 Nf6 8. Be3 e6 9. O-O-O Be7 10. e5 dxe5 11. Nxe5 Qxd4 12. Rxd4 Rc8 13. f3 a6
14. Rhd1 O-O 15. Nxc6 Rxc6 16. g4 Rfc8 17. R1d2 h6 18. h4 Kh7 19. g5 hxg5 20.
hxg5 Nh5 21. Ne4 g6 22. Rd7 R8c7 23. Rxc7 Rxc7 24. Bb6 Rc6 25. Rd7 Rxb6 26.
Rxe7 Kg7 27. Nc5 Kf8 28. Rxb7 Rxb7 29. Nxb7 Nf4 30. Nc5 a5 31. Kd2 Ke7 32. Ke3
e5 33. Ke4 Nh3 34. Kxe5 Nxg5 35. Kf4 Ne6+ 36. Nxe6 Kxe6 37. Ke4 g5 38. c4 f5+
39. Kd4 Kd6 40. b3 g4 41. fxg4 fxg4 42. a3 g3 43. Ke3 Kc5 44. Kf3 a4 45. b4+
Kxc4 46. Kxg3 Kb5 47. Kf3 Kb6 48. Ke4 Kc6 49. Ke5 Kb6 50. Kd4 Kb5 51. Kd5 Kb6
52. Kc4 Ka6 53. Kc5 Kb7 54. Kb5 1-0

[Event "Flint (MI Jr/3)"]
[Site "?"]
[Date "1993.??.??"]
[Round "?"]
[White "Ruelas, Erik"]
[Black "Woods, I."]
[Result "0-1"]
[WhiteElo "1605"]
[BlackElo "1605"]
[PlyCount "52"]
[EventDate "1993.??.??"]

1. e4 e5 2. Nf3 Nf6 3. Bc4 Nxe4 4. Qe2 d5 5. Bd3 Nf6 6. Qxe5+ Qe7 7. O-O Qxe5
8. Nxe5 Bd6 9. Re1 O-O 10. Nf3 Nc6 11. h3 Bd7 12. b3 Nb4 13. Bf1 Nxc2 14. Nc3
Nxa1 15. Bb2 Nc2 16. Rc1 Nb4 17. Ba3 Nxa2 18. Bxd6 Nxc1 19. Bxf8 Rxf8 20. Ne5
Nxb3 21. Nxd7 Nxd7 22. Nxd5 Nxd2 23. Nxc7 Rc8 24. Nd5 Rc1 25. Ne3 a5 26. g4 a4
0-1

[Event "Flint (MI Jr/1)"]
[Site "?"]
[Date "1993.??.??"]
[Round "?"]
[White "Ruelas, Erik"]
[Black "Simmons, M."]
[Result "1-0"]
[WhiteElo "1605"]
[BlackElo "1605"]
[PlyCount "29"]
[EventDate "1993.??.??"]

1. e4 e5 2. Nf3 Nc6 3. Bc4 Nd4 4. O-O Bc5 5. Nxe5 Nh6 6. d3 d6 7. Bxh6 dxe5 8.
Be3 O-O 9. c3 Bg4 10. Qxg4 Re8 11. cxd4 Bf8 12. dxe5 Rxe5 13. Qf4 Qd6 14. Qxf7+
Kh8 15. Qg8# 1-0

[Event "Gaylord (NMO/5/17)"]
[Site "?"]
[Date "1993.??.??"]
[Round "?"]
[White "Ruelas, Erik"]
[Black "Laemers, J."]
[Result "0-1"]
[WhiteElo "1605"]
[BlackElo "1605"]
[PlyCount "118"]
[EventDate "1993.??.??"]

{5/(17)} 1. e4 d6 2. Nf3 Nf6 3. Nc3 g6 4. Bc4 Bg7 5. O-O O-O 6. Re1 e5 7. d3 b6
8. Bg5 Bb7 9. Nd2 Nbd7 10. Qf3 h6 11. Bh4 g5 12. Bg3 Nc5 13. h3 Ne6 14. Bh2 Nd4
15. Qd1 Qd7 16. Nf3 Nxf3+ 17. Qxf3 Nh7 18. Rad1 Kh8 19. g4 f5 20. gxf5 Rf6 21.
Qg4 Qe7 22. f3 c6 23. Kf2 Rd8 24. Bb3 b5 25. d4 exd4 26. Rxd4 Rff8 27. Rdd1 Nf6
28. Qg3 Nh5 29. Qg4 Nf6 30. Qg3 Nh5 31. Qg2 b4 32. Na4 Nf4 33. Bxf4 gxf4 34.
Qg4 Bf6 35. Ke2 Bg5 36. Rh1 d5 37. h4 dxe4 38. hxg5 exf3+ 39. Kxf3 Qe3+ 40. Kg2
c5+ 41. Kh2 Rd2+ 42. Rxd2 Qxd2+ 43. Kh3 Bxh1 44. gxh6 Qe3+ 45. Kh4 Qe7+ 46. Kh3
Qf6 47. Qxf4 Qxf5+ 48. Qxf5 Rxf5 49. Kg4 Re5 50. Kf4 Re4+ 51. Kf5 c4 52. Bxc4
Rxc4 53. c3 Kh7 54. Ke5 Kxh6 55. b3 Rxc3 56. Kd4 Rc2 57. Kd3 Rxa2 58. Kc4 a5
59. Kb5 Ra3 0-1

[Event "Flint (MI Jr/5)"]
[Site "?"]
[Date "1993.??.??"]
[Round "?"]
[White "Ruelas, Erik"]
[Black "Holdcraft, J."]
[Result "0-1"]
[WhiteElo "1605"]
[BlackElo "1605"]
[PlyCount "46"]
[EventDate "1993.??.??"]

1. e4 e5 2. Nf3 Nf6 3. d3 Nc6 4. Nc3 h6 5. Be3 Bb4 6. Bd2 d5 7. exd5 Nxd5 8.
Nxd5 Qxd5 9. Bxb4 Nxb4 10. Qd2 Nc6 11. h3 O-O 12. Be2 Bf5 13. Nh2 e4 14. c4 Qe5
15. O-O-O exd3 16. Bxd3 Rad8 17. Qe2 Bxd3 18. Qxe5 Nxe5 19. b3 Nc6 20. Kb2 Be2
21. Rxd8 Rxd8 22. Re1 Rd2+ 23. Kb1 Nb4 0-1

[Event "Gaylord (NMO/2/15)"]
[Site "?"]
[Date "1993.??.??"]
[Round "?"]
[White "Ruelas, Erik"]
[Black "Foord, Allan"]
[Result "1/2-1/2"]
[WhiteElo "1605"]
[BlackElo "1615"]
[PlyCount "86"]
[EventDate "1993.??.??"]

{2/(15)} 1. e4 c5 2. Nf3 d6 3. Bc4 e6 4. Nc3 Nf6 5. d4 cxd4 6. Nxd4 a6 7. O-O
Be7 8. f3 Qb6 9. Kh1 Nc6 10. Nxc6 bxc6 11. Bb3 O-O 12. Bg5 Rd8 13. Qd2 h6 14.
Be3 c5 15. f4 Bb7 16. Qd3 Qc6 17. Ba4 Qc7 18. f5 c4 19. Qd4 e5 20. Qb6 Qxb6 21.
Bxb6 Rdc8 22. Rfe1 Bc6 23. Bxc6 Rxc6 24. Bf2 Rb8 25. Rab1 Ng4 26. Bg3 Bg5 27.
Nd5 Kf8 28. h3 Nf6 29. h4 Bd2 30. Re2 c3 31. Nxf6 gxf6 32. b3 Rb4 33. Be1 Rd4
34. Bf2 Rb4 35. Be3 Bxe3 36. Rxe3 a5 37. Rd1 a4 38. Rdd3 axb3 39. axb3 Rxb3 40.
cxb3 c2 41. Rc3 c1=Q+ 42. Rxc1 Rxc1+ 43. Kh2 Rb1 1/2-1/2